[Event "TUR-ch Seniors 50"]
[Site "Ankara"]
[Date "2023.05.23"]
[Round "5"]
[White "Dumludag, Cahit"]
[Black "Erdeveciler, Cem"]
[Result "0-1"]
[WhiteElo "1471"]
[BlackElo "1532"]
[PlyCount "76"]
[EventDate "2023.05.19"]
[EventType "swiss"]
[EventRounds "9"]
[EventCountry "TUR"]
[SourceTitle "CBM 214 Extra"]
[Source "ChessBase"]
[SourceDate "2023.07.31"]
[SourceVersion "1"]
[SourceVersionDate "2023.07.31"]
[SourceQuality "1"]

1. e4 g6 2. Nf3 d6 3. d4 Bg7 4. Bc4 Nc6 5. c3 a6 6. h3 Bd7 7. Na3 Nf6 8. Bd3 0-0 9. 0-0 Qc8 10. Kh2 Nd8 11. Bf4 Ne6 12. Bg3 Bh6 13. e5 Nh5 14. exd6 cxd6 15. Re1 Nef4 16. Ng1 Bc6 17. Be4 Bxe4 18. Rxe4 Qf5 19. Rxe7 Nxg3 20. fxg3 Nd5 21. Rxb7 Rae8 22. Qf3 Qe6 23. Rf1 Ne3 24. Rf2 Nf5 25. b3 Be3 26. Rf1 Bxg1+ 27. Rxg1 Qe2 28. Rf1 Qxf3 29. Rxf3 Re2 30. Ra7 Ne3 31. Rxa6 Rxg2+ 32. Kh1 Re2 33. Nb5 Re1+ 34. Kh2 Re2+ 35. Kg1 Re8 36. Nxd6 Re1+ 37. Kf2 Nd1+ 38. Kg2 R8e2+ 0-1